| 000 | 00418nam a2200157Ia 4500 | ||
|---|---|---|---|
| 008 | 210210b1996 xxu||||| |||| 00| 0 eng d | ||
| 020 | _a0 07 462060 6 | ||
| 082 | _a530 CHAP | ||
| 100 | _aCHANNAPPA (K H) & NAGARAJU (P). | ||
| 245 | _aPhysics. I PUC. | ||
| 260 |
_aND _bTata McGraw-Hill Publishing Company Ltd. _c1996 |
||
| 300 | _axi,407 | ||
| 650 | _aTMH physics I PUC text | ||
| 690 | _aPhysics | ||
| 906 | _a051001 | ||
| 999 |
_c99811 _d99811 |
||